00593nam a2200157Ia 4500999001500000020001800015082002000033100002400053245005400077260003600131300001500167650003100182710004700213942001200260952016300272 c8521d8521 a9788182747852 a327.54051 KAL-; aKalha, Ranjit Singh 0aIndia-China boundary issues: quest for settlement aNew DelhibPentagon Pressc2014 axiii, 310p aINDIA - BOUNDARIES - CHINA aIndian Council of World Affairs, New Delhi cBK2ddc 00104070aNASSDOCbNASSDOCd2015-01-29eGifted by : Indian Council of World Affai2014-11-19l0o327.54051 KAL-;p48669r2019-04-18 00:00:00w2019-04-18yBK